Soldados, sirvientes y concubinas (Registro nro. 179913)

Detalles MARC
000 -LEADER
campo de control de longitud fija 00889nam a2200277 i 4500
001 - NÚMERO DE CONTROL
campo de control 179913
003 - IDENTIFICADOR DE NÚMERO DE CONTROL
campo de control ES-MaACL
005 - FECHA Y HORA DE LA ÚLTIMA TRANSACCIÓN
campo de control 20230927164644.0
008 - DATOS DE LONGITUD FIJA--INFORMACIÓN GENERAL
campo de control de longitud fija 120223s1999 sp a |||| | spa d
020 ## - NÚMERO INTERNACIONAL ESTÁNDAR DEL LIBRO
Número Internacional Estándar del Libro 84-931194-0-7
080 ## - NÚMERO DE LA CLASIFICACIÓN DECIMAL UNIVERSAL
Número de la Clasificación Decimal Universal 326(64)"18"
100 1# - ENTRADA PRINCIPAL--NOMBRE DE PERSONA
Nombre de persona Ennaji, Mohammed.
9 (RLIN) 149442
245 10 - MENCIÓN DEL TÍTULO
Título Soldados, sirvientes y concubinas
Resto del título : la esclavitud en Marruecos en el siglo XIX /
Mención de responsabilidad, etc. Mohammed Ennaji ; introducción de Ernest Gellner.
250 ## - MENCION DE EDICION
Mención de edición 1ª ed.
260 ## - PUBLICACIÓN, DISTRIBUCIÓN, ETC.
Lugar de publicación, distribución, etc. Granada :
Nombre del editor, distribuidor, etc. Almed,
Fecha de publicación, distribución, etc. 1999.
300 ## - DESCRIPCIÓN FÍSICA
Extensión 216 p. :
Otras características físicas il. ;
Dimensiones 22 cm.
490 1# - MENCIÓN DE SERIE
Mención de serie Magreb
500 ## - NOTA GENERAL
Nota general Glosario.
504 ## - NOTA DE BIBLIOGRAFÍA, ETC.
Nota de bibliografía, etc. Referencias bibliográficas.
650 #7 - PUNTO DE ACCESO ADICIONAL DE MATERIA--TÉRMINO DE MATERIA
Término de materia o nombre geográfico como elemento de entrada Esclavitud-
Subdivisión geográfica Marruecos.
9 (RLIN) 149443
700 1# - ENTRADA AGREGADA--NOMBRE PERSONAL
Nombre de persona Gellner, Ernest.
9 (RLIN) 56272
830 0# - PUNTO DE ACCESO ADICIONAL DE SERIE-TÍTULO UNIFORME
Título uniforme Magreb
9 (RLIN) 224560
852 ## - LOCALIZACIÓN
Ubicación ES-MaACL
Número de control de estantería A-11992
itemnumber 186817
Sublocalización o colección R.146943
Ubicación en estantería Depósito 1
Signatura antigua Olim: N-4997
942 ## - ELEMENTOS DE ENTRADA SECUNDARIOS (KOHA)
Fuente del sistema de clasificación o colocación Clasificación decimal universal
Tipo de ítem Koha Libro impreso
Existencias
Estatus retirado Estado de pérdida Fuente del sistema de clasificación o colocación Estado de daño No para préstamo Biblioteca de origen Biblioteca actual Ubicación en estantería Fecha de adquisición Fuente de adquisición Total de préstamos Signatura topográfica completa Código de barras Visto por última vez Precio de reemplazo Tipo de ítem Koha
    Clasificación decimal universal     Biblioteca del Ateneo de Madrid Biblioteca del Ateneo de Madrid Depósito 1 23/02/2012 Compra   A-11992 1189007 23/02/2023 23/02/2023 Libro impreso